[Event "Almunecar FEDC op 23th"]
[Site "Almunecar"]
[Date "2019.10.03"]
[Round "6"]
[White "Rubio Sebastian, Eladio"]
[Black "Jimenez Mahillo, David"]
[Result "0-1"]
[WhiteElo "1201"]
[BlackElo "1307"]
[PlyCount "98"]
[EventDate "2019.09.28"]
[EventType "swiss"]
[EventRounds "7"]
[EventCountry "ESP"]
[SourceTitle "EXT 2024"]
[Source "ChessBase"]
[SourceDate "2023.10.10"]
[SourceVersion "1"]
[SourceVersionDate "2023.10.10"]
[SourceQuality "1"]

1. d4 d5 2. Nf3 Nc6 3. c4 e6 4. g3 dxc4 5. a4 Nf6 6. Bg2 Bd6 7. 0-0 0-0 8. e3 Qe7 9. Qc2 Na5 10. Nbd2 Nb3 11. Nxb3 cxb3 12. Qxb3 Rb8 13. Qd3 c5 14. dxc5 Bxc5 15. Bd2 Rd8 16. Qc2 b5 17. axb5 Rxb5 18. Bc3 h6 19. Rfd1 Nd5 20. Qe2 a6 21. Ne5 Bb7 22. Qg4 Nxc3 23. Rxd8+ Qxd8 24. bxc3 Qa8 25. Bxb7 Qxb7 26. Qa4 Bd6 27. Nd3 Rb1+ 28. Rxb1 Qxb1+ 29. Kg2 Qxd3 30. Qe8+ Bf8 31. Qa4 Qb5 32. Qd4 a5 33. c4 Qc5 34. Qa1 Qxc4 35. Qxa5 Qd5+ 36. Qxd5 exd5 37. f4 f5 38. Kf3 Bc5 39. h3 h5 40. Ke2 Kf7 41. Kf3 Ke6 42. Ke2 Kf6 43. h4 d4 44. exd4 Bxd4 45. Kf3 Ke6 46. Ke2 Kd5 47. Kf3 Bc5 48. Ke2 Ke4 49. Kf1 Kf3 0-1

[Event "Almunecar FEDC op 23th"]
[Site "Almunecar"]
[Date "2019.09.28"]
[Round "1"]
[White "Balmiza Jimenez, Francisco"]
[Black "Rubio Sebastian, Eladio"]
[Result "1/2-1/2"]
[WhiteElo "1635"]
[BlackElo "1201"]
[PlyCount "67"]
[EventDate "2019.09.28"]
[EventType "swiss"]
[EventRounds "7"]
[EventCountry "ESP"]
[SourceTitle "EXT 2024"]
[Source "ChessBase"]
[SourceDate "2023.10.10"]
[SourceVersion "1"]
[SourceVersionDate "2023.10.10"]
[SourceQuality "1"]

1. Nf3 Nf6 2. d4 d5 3. Bf4 e6 4. e3 c5 5. c3 Nc6 6. Bd3 Bd6 7. Bxd6 Qxd6 8. Nbd2 cxd4 9. cxd4 Bd7 10. Rc1 Rc8 11. 0-0 0-0 12. Nb3 h6 13. Nc5 b6 14. Nxd7 Qxd7 15. Ne5 Qb7 16. f4 Nxe5 17. fxe5 Rxc1 18. Qxc1 Rc8 19. Qd2 Ne4 20. Bxe4 dxe4 21. Rc1 Rxc1+ 22. Qxc1 Qa6 23. Qb1 f5 24. exf6 gxf6 25. a3 f5 26. Qc2 Kf7 27. Kf2 Kf6 28. a4 b5 29. axb5 Qxb5 30. Qc3 Qd5 31. Kg3 Kg5 32. Qc5 Qb7 33. b4 Qb8+ 34. Kf2 1/2-1/2

[Event "Benidorm FEDC op 20th"]
[Site "Benidorm"]
[Date "2018.06.16"]
[Round "7"]
[White "Rubio Sebastian, Eladio"]
[Black "Garrido Busto, Francisco"]
[Result "1/2-1/2"]
[WhiteElo "1140"]
[BlackElo "1467"]
[PlyCount "42"]
[EventDate "2018.06.10"]
[EventType "swiss"]
[EventRounds "7"]
[EventCountry "ESP"]
[SourceTitle "CBM 184 Extra"]
[Source "ChessBase"]
[SourceDate "2018.06.28"]
[SourceVersion "1"]
[SourceVersionDate "2018.06.28"]
[SourceQuality "1"]

1. d4 Nf6 2. Nf3 g6 3. c4 Bg7 4. g3 0-0 5. Bg2 d6 6. 0-0 Nbd7 7. Nc3 e5 8. dxe5 Nxe5 9. Nxe5 dxe5 10. Qxd8 Rxd8 11. Bg5 h6 12. Bxf6 Bxf6 13. Nd5 Bg7 14. Nxc7 Rb8 15. Nd5 Be6 16. e4 f5 17. exf5 gxf5 18. Rad1 e4 19. b3 Bxd5 20. Rxd5 Rxd5 21. cxd5 Rd8 1/2-1/2

[Event "Benidorm FEDC op 20th"]
[Site "Benidorm"]
[Date "2018.06.11"]
[Round "2"]
[White "Gamiz Campana, Francisco Javier"]
[Black "Rubio Sebastian, Eladio"]
[Result "1-0"]
[WhiteElo "1778"]
[BlackElo "1140"]
[PlyCount "67"]
[EventDate "2018.06.10"]
[EventType "swiss"]
[EventRounds "7"]
[EventCountry "ESP"]
[SourceTitle "CBM 184 Extra"]
[Source "ChessBase"]
[SourceDate "2018.06.28"]
[SourceVersion "1"]
[SourceVersionDate "2018.06.28"]
[SourceQuality "1"]

1. e4 e6 2. d4 d5 3. e5 c5 4. c3 Nc6 5. Nf3 Qb6 6. a3 Nh6 7. b4 cxd4 8. cxd4 Nf5 9. Bb2 Be7 10. Be2 0-0 11. 0-0 Bd7 12. g4 Nh4 13. Nxh4 Bxh4 14. f4 f6 15. Kg2 fxe5 16. dxe5 Be7 17. Qd3 a6 18. Nd2 Na7 19. Bd4 Qc7 20. Rac1 Qd8 21. Bxa7 Rxa7 22. Nb3 Bb5 23. Qe3 Bxe2 24. Qxe2 Ra8 25. Nd4 Qd7 26. Qd3 Rac8 27. Rxc8 Rxc8 28. f5 exf5 29. gxf5 Rf8 30. Ne6 Rc8 31. Qg3 Rc2+ 32. Kg1 Bh4 33. Qxh4 Qb5 34. Qd8+ 1-0